| 000 | 00771nam a2200253 a 4500 | ||
|---|---|---|---|
| 001 | 000026417 | ||
| 003 | DO-SdBNP | ||
| 005 | 20260508134417.0 | ||
| 008 | 110317s1995 dr 001 0 spa d | ||
| 040 |
_aDO-SdBNP _bspa _cBNPHU |
||
| 082 | 4 |
_a248.5 _bT183J, 1995 _222 |
|
| 100 | 1 |
_aTardif, Emiliano, _d1928-1999 _935030 |
|
| 245 | 1 | 0 |
_aJesús es el mesías / _cEmiliano Tardif, José H. Prado Flores. |
| 250 | _aQuinta edición | ||
| 260 |
_aSanto Domingo : _bEdiciones M.S.C., _c1995. |
||
| 300 |
_a160 p. ; _c21 cm. |
||
| 590 | _aInventariado, 2018/ YL | ||
| 650 | 4 |
_aEvangelización _9476 |
|
| 650 | 7 |
_aVida cristiana _9668 |
|
| 650 | 0 |
_aFe _91024 |
|
| 700 | 1 |
_aPrado Flores, José H. _910971 |
|
| 910 | _aValidado. Control de calidad. EMS | ||
| 942 |
_2ddc _cLBS1 |
||
| 999 |
_c25909 _d25909 |
||